2025 Formula One Grid - Statistics

General Stats
  • This quiz has been taken 44 times
  • The average score is 19 of 21
Answer Stats
Team % Correct
Lando Norris
97%
Lewis Hamilton
97%
Alexander Albon
94%
Charles Leclerc
94%
Fernando Alonso
94%
Max Verstappen
94%
Nico Hülkenberg
94%
Oscar Piastri
94%
Estaban Ocon
91%
Liam Lawson
91%
Yuki Tsunoda
91%
Carlos Sainz
88%
George Russell
88%
Isack Hadjar
88%
Kimi Antonelli
88%
Pierre Gasly
88%
Franco Colapinto
84%
Gabriel Bortoleto
84%
Lance Stroll
84%
Ollie Bearman
78%
Jack Doohan
72%
No matching quizzes found
Score Distribution
Percent of People with Each Score
Percentile by Number Answered
Your Score History
You have not taken this quiz